[Event "VIII Floripa Chess Open 2022 - LIRA - m"]
[Site "Lira Tênis Clube - Florianó"]
[Date "2022.01.24"]
[Round "1.39"]
[White "Pironti, Francisco Ferrari"]
[Black "Pereira, Silvio Cunha"]
[Result "0-1"]
[WhiteElo "1665"]
[BlackElo "2217"]
[PlyCount "94"]
[EventDate "2022.01.24"]
[EventRounds "10"]
[EventCountry "BRA"]

1. c4 f5 2. Nc3 Nf6 3. g3 g6 4. Bg2 Bg7 5. d3 d6 6. e4 c6 7. Nge2 O-O 8. O-O e5
9. h3 f4 10. gxf4 Nh5 11. f5 Qh4 12. Ng3 Nxg3 13. fxg3 Qxg3 14. Rf3 Qh4 15.
fxg6 hxg6 16. Rxf8+ Bxf8 17. Qf1 Na6 18. Qf2 Qxf2+ 19. Kxf2 Nb4 20. Ke2 Nc2 21.
Rb1 Nd4+ 22. Kd1 Be7 23. Be3 Ne6 24. b4 Bg5 25. Bxg5 Nxg5 26. b5 Ne6 27. bxc6
bxc6 28. Ne2 Ba6 29. Kd2 Kg7 30. Bf3 Nc5 31. Ke3 Bc8 32. h4 Bd7 33. Ng3 Rh8 34.
Rh1 Kf6 35. h5 gxh5 36. Nxh5+ Kf7 37. Rf1 Ke7 38. Rg1 Ne6 39. Bg4 Nd4 40. Bxd7
Rxh5 41. Rg7+ Kf6 42. Rg2 Rh1 43. Bg4 a5 44. Rb2 Rg1 45. Be2 Rg2 46. Rd2 Kg5
47. Bf1 Nc2+ 0-1

[Event "VIII Floripa Chess Open 2022 - LIRA - m"]
[Site "Lira Tênis Clube - Florianó"]
[Date "2022.01.24"]
[Round "1.41"]
[White "Dias, Juliane De Oliveira"]
[Black "Do Valle Cardoso, Lucas"]
[Result "1-0"]
[WhiteElo "1663"]
[BlackElo "2214"]
[PlyCount "145"]
[EventDate "2022.01.24"]
[EventRounds "10"]
[EventCountry "BRA"]

1. e4 e5 2. Nf3 Nc6 3. Bc4 Nf6 4. d3 Bc5 5. O-O d6 6. h3 a6 7. Be3 Ba7 8. c3 h6
9. Nbd2 g5 10. Nh2 Rg8 11. Ng4 Rg6 12. Bxa7 Nxa7 13. f3 Nc6 14. Qb3 Qe7 15. Ne3
Nd8 16. Nf5 Bxf5 17. exf5 Rg7 18. d4 Kf8 19. Rae1 Qd7 20. dxe5 dxe5 21. Qc2 Nc6
22. Bb3 h5 23. Nc4 Re8 24. Rd1 Qe7 25. Ne3 e4 26. Nd5 Nxd5 27. Rxd5 exf3 28.
Rxf3 Qf6 29. Qf2 g4 30. hxg4 Rxg4 31. Rh3 h4 32. Rd7 Ne5 33. Rxc7 Nd3 34. Rxd3
Re7 35. Rc8+ Kg7 36. Rdd8 Kh7 37. Rh8+ Qxh8 38. Rxh8+ Kxh8 39. f6 Re5 40. Qf3
Reg5 41. Bxf7 Rg3 42. Qe4 R3g4 43. Qe8+ Kh7 44. Bg8+ Kh6 45. Qf8+ Kg6 46. Qg7+
Kf5 47. Bh7+ Kf4 48. Qc7+ Ke3 49. Qe7+ Kd2 50. Qd6+ Kc1 51. Kf1 Rxg2 52. Qf4+
Kxb2 53. Qb4+ Kc1 54. Qxh4 Rg1+ 55. Kf2 R5g2+ 56. Kf3 Rxa2 57. Qf4+ Rd2 58. Ke4
Rgg2 59. Qf1+ Kb2 60. Ke3 Rh2 61. Qb1+ Ka3 62. Qb4+ Ka2 63. Bg8+ Ka1 64. Qa3+
Kb1 65. Bc4 Rc2 66. Qb3+ Kc1 67. Qa3+ Rb2 68. Bd3 Rh3+ 69. Kd4 Rh4+ 70. Ke5
Rh5+ 71. Ke6 Rh3 72. Qa1+ Kd2 73. Qxb2+ 1-0

[Event "VIII Floripa Chess Open 2022 - LIRA - m"]
[Site "Lira Tênis Clube - Florianó"]
[Date "2022.01.24"]
[Round "1.42"]
[White "Alboredo, Julia"]
[Black "Tsuchie, Pedro Pinheiro"]
[Result "1-0"]
[WhiteElo "2200"]
[BlackElo "1660"]
[PlyCount "59"]
[EventDate "2022.01.24"]
[EventRounds "10"]
[EventCountry "BRA"]

1. e4 e6 2. d4 d5 3. Nc3 Nf6 4. e5 Nfd7 5. f4 c5 6. Nf3 Be7 7. Be3 O-O 8. Qd2
b6 9. a4 a6 10. Be2 Nc6 11. O-O f5 12. Kh1 cxd4 13. Nxd4 Nxd4 14. Bxd4 Nc5 15.
Qe3 a5 16. Rg1 Ba6 17. Nb5 Bb7 18. Bf3 Rc8 19. g4 Qd7 20. Nd6 Bxd6 21. exd6
Qxd6 22. gxf5 Rf7 23. Bh5 Rd7 24. f6 Rf8 25. Raf1 Nxa4 26. Rxg7+ Rxg7 27. fxg7
Rd8 28. f5 e5 29. f6 exd4 30. Qh6 1-0

[Event "VIII Floripa Chess Open 2022 - LIRA - m"]
[Site "Lira Tênis Clube - Florianó"]
[Date "2022.01.24"]
[Round "1.43"]
[White "Lopes, Leonardo Borges"]
[Black "Guimaraes, Wagner Peixoto"]
[Result "0-1"]
[WhiteElo "1653"]
[BlackElo "2194"]
[PlyCount "39"]
[EventDate "2022.01.24"]
[EventRounds "10"]
[EventCountry "BRA"]

1. e4 c5 2. Nf3 d6 3. d4 cxd4 4. Nxd4 Nf6 5. Nc3 a6 6. Be3 Ng4 7. Bc1 Nc6 8.
Be2 Qb6 9. Bxg4 Qxd4 10. O-O Qxd1 11. Bxd1 e6 12. Be3 b5 13. f4 Bb7 14. Bf3 Be7
15. Rad1 O-O 16. Rd2 Rac8 17. Ne2 Ba8 18. Rfd1 Rfe8 19. a3 a5 20. Bd4 {
illegÃƒÆ’Ã‚Â­vell} 0-1

[Event "VIII Floripa Chess Open 2022 - LIRA - m"]
[Site "Lira Tênis Clube - Florianó"]
[Date "2022.01.24"]
[Round "1.44"]
[White "Abrantes, Tiago Garrido"]
[Black "Franzen, Mark Scheer"]
[Result "1-0"]
[WhiteElo "2187"]
[BlackElo "1649"]
[PlyCount "37"]
[EventDate "2022.01.24"]
[EventRounds "10"]
[EventCountry "BRA"]

1. d4 d5 2. c4 c6 3. Nf3 Nf6 4. e3 Bf5 5. Nc3 e6 6. Nh4 Bg6 7. Qb3 Qc7 8. Nxg6
hxg6 9. g3 Nbd7 10. Bg2 Nb6 11. cxd5 cxd5 12. O-O a6 13. a4 Bd6 14. e4 dxe4 15.
Nxe4 Nxe4 16. Bxe4 f5 17. Qxe6+ Kf8 18. Bg2 Rh6 19. Bxh6 1-0

[Event "VIII Floripa Chess Open 2022 - LIRA - m"]
[Site "Lira Tênis Clube - Florianó"]
[Date "2022.01.24"]
[Round "1.45"]
[White "Zaak Saraiva, Victor Romario Alve"]
[Black "Sega, Carlos Alberto"]
[Result "0-1"]
[WhiteElo "1648"]
[BlackElo "2186"]
[PlyCount "72"]
[EventDate "2022.01.24"]
[EventRounds "10"]
[EventCountry "BRA"]

1. e4 e5 2. Nc3 Nf6 3. f4 d5 4. fxe5 Nxe4 5. Nf3 Be7 6. Bb5+ c6 7. Be2 O-O 8.
O-O c5 9. d3 Nxc3 10. bxc3 Nc6 11. d4 Bf5 12. Be3 cxd4 13. cxd4 Rc8 14. Bd3
Bxd3 15. cxd3 Qd7 16. Qe1 Nb4 17. Qg3 Rc6 18. Ne1 Rg6 19. Qf3 f6 20. Qe2 fxe5
21. Rxf8+ Bxf8 22. dxe5 d4 23. Bf4 Nd5 24. Bg3 Nc3 25. Qd2 Qd5 26. Nf3 h6 27.
Qc2 Ra6 28. Nd2 Rxa2 29. Rxa2 Qxa2 30. Qb3+ Qxb3 31. Nxb3 b6 32. Bf2 Bc5 33.
Kf1 Nb5 34. Ke2 Kf7 35. Kf3 Ke6 36. Ke4 Nc3+ 0-1

[Event "VIII Floripa Chess Open 2022 - LIRA - m"]
[Site "Lira Tênis Clube - Florianó"]
[Date "2022.01.24"]
[Round "1.46"]
[White "Nogueira, Ivan Kuhlmann"]
[Black "Ferreira, Angelo Augusto Pach"]
[Result "1-0"]
[WhiteElo "2186"]
[BlackElo "1647"]
[PlyCount "61"]
[EventDate "2022.01.24"]
[EventRounds "10"]
[EventCountry "BRA"]

1. e4 e5 2. Nf3 Nf6 3. d3 Nc6 4. g3 Bc5 5. Bg2 d6 6. O-O Bg4 7. h3 Bh5 8. c3
Bb6 9. Qe1 Qd7 10. Kh2 Bxf3 11. Bxf3 h5 12. Kg2 h4 13. Rh1 Nd8 14. Na3 Ne6 15.
Nc4 g5 16. a4 c5 17. Ne3 O-O-O 18. Nd5 Rh6 19. a5 Bc7 20. Qd1 Rg8 21. Bg4 c4
22. Nxf6 Rxf6 23. dxc4 Qc6 24. Qd5 Kb8 25. b4 Qe8 26. a6 Qc8 27. axb7 Qxb7 28.
Be3 a6 29. Ra2 Nd8 30. Rha1 Qxd5 31. cxd5 1-0

[Event "VIII Floripa Chess Open 2022 - LIRA - m"]
[Site "Lira Tênis Clube - Florianó"]
[Date "2022.01.24"]
[Round "1.47"]
[White "Mariot Vaz, Joao Antonio Bertol"]
[Black "Torres, Federico"]
[Result "1-0"]
[WhiteElo "1645"]
[BlackElo "2170"]
[PlyCount "73"]
[EventDate "2022.01.24"]
[EventRounds "10"]
[EventCountry "BRA"]

1. e4 e5 2. Nf3 d6 3. d4 Nd7 4. Nc3 c6 5. a4 a5 6. Bc4 Be7 7. O-O h6 8. Qe2 Qc7
9. Rd1 Ngf6 10. Ba2 Nf8 11. dxe5 dxe5 12. Nb1 g5 13. Na3 Ng6 14. Nc4 Bg4 15.
Be3 Ra6 16. Rd3 Nh5 17. Qd2 Bxf3 18. gxf3 Nh4 19. Qe2 c5 20. Rad1 Rf6 21. Rd7
Nxf3+ 22. Qxf3 Qxd7 23. Qxh5 Qc7 24. Rd5 Re6 25. Bd2 O-O 26. Bxa5 Qc6 27. Bb3
Bf6 28. Bc3 Rfe8 29. Ne3 Bg7 30. Bc4 Qxa4 31. Rxc5 Rf6 32. Bxe5 Rxe5 33. Rxe5
Qa1+ 34. Kg2 Qxb2 35. Re8+ Bf8 36. e5 Rf4 37. Qg6+ 1-0

[Event "VIII Floripa Chess Open 2022 - LIRA - m"]
[Site "Lira Tênis Clube - Florianó"]
[Date "2022.01.24"]
[Round "1.48"]
[White "Silva, Kaua Marques"]
[Black "De Oliveira Filho, Fernando F"]
[Result "1-0"]
[WhiteElo "2170"]
[BlackElo "1642"]
[PlyCount "91"]
[EventDate "2022.01.24"]
[EventRounds "10"]
[EventCountry "BRA"]

1. d4 d5 2. c4 e6 3. Nc3 Nf6 4. Bg5 Be7 5. e3 O-O 6. cxd5 exd5 7. Bd3 b6 8.
Nge2 Bb7 9. O-O Nh5 10. Bxe7 Qxe7 11. Rc1 c5 12. Bf5 Qg5 13. Bh3 c4 14. Ng3
Nxg3 15. hxg3 a6 16. b3 b5 17. Qf3 b4 18. Na4 c3 19. Nc5 Bc6 20. a3 a5 21. Ra1
Bb5 22. Rfc1 Na6 23. axb4 axb4 24. Nd7 Rfd8 25. Ne5 Be8 26. Ra5 Nc7 27. Rca1
Rxa5 28. Rxa5 Qe7 29. Nd3 Qd6 30. Qd1 Nb5 31. Ra4 Na3 32. Rxb4 Bb5 33. Nc5 Bc6
34. Bf5 Ra8 35. Qc1 c2 36. Bd3 Qc7 37. Bxc2 Qa5 38. Qd2 Bb5 39. Bd3 Rb8 40. Kh2
Rb6 41. Ra4 Rh6+ 42. Kg1 Qd8 43. Rxa3 Bc6 44. Qa5 Qe8 45. b4 f6 46. Bf5 1-0

[Event "VIII Floripa Chess Open 2022 - LIRA - m"]
[Site "Lira Tênis Clube - Florianó"]
[Date "2022.01.24"]
[Round "1.49"]
[White "Goetten Wagner, Julia"]
[Black "Luz, Arthur Nader"]
[Result "0-1"]
[WhiteElo "1638"]
[BlackElo "2169"]
[PlyCount "88"]
[EventDate "2022.01.24"]
[EventRounds "10"]
[EventCountry "BRA"]

1. e4 c5 2. Nf3 d6 3. d4 cxd4 4. Nxd4 Nf6 5. Nc3 g6 6. f3 Bg7 7. Be3 Nc6 8. Qd2
O-O 9. O-O-O Nxd4 10. Bxd4 Be6 11. Kb1 Qc7 12. g4 Rfc8 13. h4 Qa5 14. Nd5 Qxd2
15. Nxf6+ Bxf6 16. Rxd2 Kg7 17. Bh3 Bxd4 18. Rxd4 h6 19. f4 g5 20. hxg5 hxg5
21. f5 Bd7 22. e5 Bc6 23. f6+ Kg6 24. Re1 dxe5 25. Rxe5 Rh8 26. Bf1 e6 27. Re1
Kxf6 28. Bc4 Rad8 29. Rd3 Rxd3 30. Bxd3 Rh4 31. Rf1+ Ke7 32. Be2 Rh2 33. Re1
Kd6 34. b4 Rf2 35. c4 Bf3 36. Rd1+ Kc6 37. Bxf3+ Rxf3 38. Rd4 Rf4 39. Rxf4 gxf4
40. Kc2 e5 41. Kd3 f3 42. Ke3 e4 43. g5 Kd6 44. a4 a5 0-1

[Event "VIII Floripa Chess Open 2022 - LIRA - m"]
[Site "Lira Tênis Clube - Florianó"]
[Date "2022.01.24"]
[Round "1.50"]
[White "Cordeiro, Marco Aurelio Zaror"]
[Black "De Albuquelque, Gabriel Tenorio"]
[Result "1-0"]
[WhiteElo "2165"]
[BlackElo "1634"]
[PlyCount "121"]
[EventDate "2022.01.24"]
[EventRounds "10"]
[EventCountry "BRA"]

1. d4 d5 2. c4 c6 3. Nc3 Nf6 4. Nf3 e6 5. Bg5 Be7 6. e3 Nbd7 7. Qc2 b6 8. cxd5
exd5 9. Bd3 Bb7 10. O-O h6 11. Bh4 O-O 12. Ne5 Nxe5 13. dxe5 Nd7 14. Bxe7 Qxe7
15. f4 f6 16. exf6 Qxe3+ 17. Kh1 Rxf6 18. Rae1 Qc5 19. Bf5 Qd6 20. Ne4 dxe4 21.
Rd1 Qc5 22. Qb3+ Kh8 23. Bxd7 Raf8 24. f5 Rd6 25. Rxd6 Qxd6 26. Rd1 Qc5 27. Qe6
Qc2 28. Qd6 Rd8 29. f6 Qxb2 30. Rf1 gxf6 31. Qe7 Rg8 32. Qxe4 Qe5 33. Qf3 Qg5
34. Bxc6 Bxc6 35. Qxc6 Rg7 36. Rxf6 Kh7 37. Qe4+ Kg8 38. Rc6 Qg4 39. Qd5+ Kh7
40. h3 Qg5 41. Qe4+ Kh8 42. Rc8+ Rg8 43. Rc7 Rg7 44. Rc6 Rg8 45. h4 Qg7 46. Re6
Rf8 47. Re7 Rf7 48. Re6 Rf1+ 49. Kh2 Rf6 50. Rxf6 Qxf6 51. Qa8+ Kg7 52. Qxa7+
Kg6 53. Qa4 Qe5+ 54. Kh3 Qc3+ 55. g3 h5 56. Qe8+ Kh6 57. Qf8+ Kg6 58. Qg8+ Qg7
59. Qxg7+ Kxg7 60. a4 Kf6 61. g4 1-0

[Event "VIII Floripa Chess Open 2022 - LIRA - m"]
[Site "Lira Tênis Clube - Florianó"]
[Date "2022.01.24"]
[Round "1.51"]
[White "Gomes, Maria Eduarda Papin"]
[Black "Caetano, Hugo Zanotti Mendon"]
[Result "0-1"]
[WhiteElo "1627"]
[BlackElo "2161"]
[PlyCount "54"]
[EventDate "2022.01.24"]
[EventRounds "10"]
[EventCountry "BRA"]

1. d4 d5 2. c4 e6 3. Nc3 c6 4. cxd5 exd5 5. Nf3 Bd6 6. Bg5 f6 7. Bh4 Ne7 8. e3
Bf5 9. Bd3 O-O 10. O-O Bxd3 11. Qxd3 Na6 12. a3 Nc7 13. Rfc1 Ne6 14. b4 b5 15.
Nd2 a5 16. Na2 Ra7 17. Nb3 axb4 18. Nxb4 Qa8 19. Qc3 Rc8 20. Bg3 Bxg3 21. hxg3
Ng5 22. Nc5 f5 23. Nbd3 Nf7 24. Qb4 Nd6 25. Ne5 Ng6 26. Ncd7 Nxe5 27. Qxd6 Nxd7
0-1

[Event "VIII Floripa Chess Open 2022 - LIRA - m"]
[Site "Lira Tênis Clube - Florianó"]
[Date "2022.01.24"]
[Round "1.52"]
[White "Carstens Dobuchak, Thiago"]
[Black "Carmo, Jose Arlindo"]
[Result "1-0"]
[WhiteElo "2153"]
[BlackElo "1626"]
[PlyCount "52"]
[EventDate "2022.01.24"]
[EventRounds "10"]
[EventCountry "BRA"]

1. e4 c5 2. Nf3 d6 3. d4 cxd4 4. Nxd4 Nf6 5. Nc3 a6 6. h3 e5 7. Nb3 Be6 8. Be3
Be7 9. Qf3 O-O 10. O-O-O a5 11. Nd5 Bxd5 12. exd5 a4 13. Nd2 a3 14. b3 Qc7 15.
c4 b6 16. Ne4 Nbd7 17. g4 Nxe4 18. Qxe4 Nf6 19. Qc2 Rfc8 20. g5 Nh5 21. Bd3 g6
22. h4 b5 23. Kb1 Ng7 24. Qd2 bxc4 25. Bxc4 Qa5 26. Qxa5 Rxa5 1-0

[Event "VIII Floripa Chess Open 2022 - LIRA - m"]
[Site "Lira Tênis Clube - Florianó"]
[Date "2022.01.24"]
[Round "1.53"]
[White "Ayala Ruiz, Miguel Angel"]
[Black "Vargas, Gabriela"]
[Result "1/2-1/2"]
[WhiteElo "1618"]
[BlackElo "2152"]
[PlyCount "97"]
[EventDate "2022.01.24"]
[EventRounds "10"]
[EventCountry "BRA"]

1. e4 e6 2. d4 d5 3. e5 c5 4. c3 Qb6 5. Nf3 Nc6 6. a3 Nh6 7. b4 cxd4 8. cxd4
Nf5 9. Be3 Bd7 10. Bd3 Nxe3 11. fxe3 Be7 12. O-O Rc8 13. Qe1 O-O 14. Nc3 Nb8
15. Ne2 Bb5 16. Bxb5 Qxb5 17. Nf4 Nd7 18. Qg3 Kh8 19. Ng5 Bxg5 20. Qxg5 f6 21.
Qh5 Rfe8 22. Rf3 f5 23. Rh3 Nf8 24. Ng6+ Kg8 25. Nxf8 Kxf8 26. Qxh7 Rc7 27. Rg3
Rf7 28. Rc1 Qd7 29. Qh8+ Ke7 30. Qxg7 Ref8 31. Qg5+ Ke8 32. Kh1 Qa4 33. h3 Kd7
34. e4 fxe4 35. Kh2 Qa6 36. Rgc3 Qb6 37. a4 a5 38. bxa5 Qxa5 39. Rc5 Qd8 40.
Qxd8+ Rxd8 41. Rc7+ Ke8 42. Rxf7 Kxf7 43. Rc7+ Kg6 44. Rxb7 Ra8 45. Rb4 Kf5 46.
Kg3 Rc8 47. a5 Rc3+ 48. Kf2 Ra3 49. Rb7 1/2-1/2

[Event "VIII Floripa Chess Open 2022 - LIRA - m"]
[Site "Lira Tênis Clube - Florianó"]
[Date "2022.01.24"]
[Round "1.54"]
[White "De Borba, Gabriel"]
[Black "Teramoto, Anderson"]
[Result "1-0"]
[WhiteElo "2149"]
[BlackElo "1617"]
[PlyCount "51"]
[EventDate "2022.01.24"]
[EventRounds "10"]
[EventCountry "BRA"]

1. e4 c6 2. d4 d5 3. Nc3 dxe4 4. Nxe4 Nf6 5. Nxf6+ exf6 6. Nf3 Bd6 7. h3 O-O 8.
Be2 Re8 9. O-O b5 10. Be3 Bb7 11. a4 a6 12. c4 b4 13. a5 Nd7 14. c5 Bc7 15. Qa4
Rb8 16. Qxb4 Nf8 17. Bc4 Ne6 18. Rfd1 Nf4 19. Bxf4 Bxf4 20. Qb3 Qc7 21. Qd3 Bc8
22. Bxa6 Rxb2 23. Bxc8 Qxc8 24. a6 Ree2 25. a7 Rxf2 26. Nd2 1-0

[Event "VIII Floripa Chess Open 2022 - LIRA - m"]
[Site "Lira Tênis Clube - Florianó"]
[Date "2022.01.24"]
[Round "1.55"]
[White "Miranda, Catarina Oliveira"]
[Black "Tomiello, Lucas Costamilan"]
[Result "0-1"]
[WhiteElo "1615"]
[BlackElo "2146"]
[PlyCount "90"]
[EventDate "2022.01.24"]
[EventRounds "10"]
[EventCountry "BRA"]

1. e4 c5 2. Nf3 d6 3. d4 cxd4 4. Nxd4 Nf6 5. Nc3 a6 6. f3 e5 7. Nb3 Be6 8. Be3
h5 9. Qd2 Nbd7 10. O-O-O b5 11. Nd5 Bxd5 12. exd5 Nb6 13. Bxb6 Qxb6 14. Qa5 Qb7
15. Qd2 Rc8 16. Kb1 Be7 17. Na5 Qd7 18. Nc6 O-O 19. Qg5 Nxd5 20. Nxe7+ Nxe7 21.
Qxh5 Qe6 22. Bd3 Qh6 23. Qxh6 gxh6 24. Be4 Rfd8 25. Rhe1 d5 26. Bd3 f6 27. a4
bxa4 28. Bxa6 Rb8 29. g4 Rb6 30. Bd3 Rdb8 31. Ka2 Rxb2+ 32. Ka3 Kf7 33. h4 Ke6
34. f4 e4 35. Bxe4 Kd6 36. Bd3 Nc6 37. Bf5 Kc5 38. Re6 Nd4 39. Rxd4 Kxd4 40.
Rxf6 Kc3 41. Rc6+ Kd2 42. Rxh6 Rb1 43. Ka2 Kc1 44. c4 R8b2+ 45. Ka3 Ra1# 0-1

[Event "VIII Floripa Chess Open 2022 - LIRA - m"]
[Site "Lira Tênis Clube - Florianó"]
[Date "2022.01.24"]
[Round "1.56"]
[White "Francisco Guecamburu, Candela Be"]
[Black "Monteiro, Daniel Zotelli"]
[Result "1-0"]
[WhiteElo "2146"]
[BlackElo "1614"]
[PlyCount "123"]
[EventDate "2022.01.24"]
[EventRounds "10"]
[EventCountry "BRA"]

1. e4 e5 2. Nf3 Nc6 3. Bb5 a6 4. Ba4 Nf6 5. d3 b5 6. Bb3 h6 7. h3 d6 8. c3 Be7
9. O-O O-O 10. Re1 Be6 11. Bc2 Nh7 12. d4 Bc8 13. Nh2 Bg5 14. Be3 Bxe3 15. Rxe3
exd4 16. cxd4 Qf6 17. e5 dxe5 18. Qd3 Ng5 19. h4 e4 20. Qc3 Nh7 21. Bxe4 Bd7
22. Qd3 g6 23. Nf3 Rad8 24. Nc3 Qg7 25. d5 Ne7 26. Nd4 Nf6 27. Bf3 Nf5 28. Nxf5
Bxf5 29. Qd4 Rd6 30. Qc5 Rc8 31. a4 bxa4 32. Rxa4 Nd7 33. Qa7 Rb6 34. Rxa6 Rxb2
35. Rc6 Ne5 36. Rxc7 Nxf3+ 37. Rxf3 Rxc7 38. Qxc7 Bg4 39. Qd8+ Qf8 40. Qxf8+
Kxf8 41. Re3 Rd2 42. Kh2 Bf5 43. Kg3 Rd3 44. Rxd3 Bxd3 45. Kf4 Ke7 46. Ke5 f6+
47. Kd4 Bf1 48. g3 Kd6 49. Ne4+ Ke7 50. Kc5 f5 51. d6+ Ke6 52. Nd2 Ba6 53. Kc6
g5 54. hxg5 hxg5 55. d7 Bb5+ 56. Kxb5 Kxd7 57. Kc5 Ke6 58. f4 Kf6 59. Kd6 Kf7
60. Ke5 Kg6 61. Nf3 gxf4 62. gxf4 1-0

[Event "VIII Floripa Chess Open 2022 - LIRA - m"]
[Site "Lira Tênis Clube - Florianó"]
[Date "2022.01.24"]
[Round "1.57"]
[White "Cardoso, Catharina Alves"]
[Black "Starke, Bruno Orlando"]
[Result "0-1"]
[WhiteElo "1819"]
[BlackElo "2139"]
[PlyCount "62"]
[EventDate "2022.01.24"]
[EventRounds "10"]
[EventCountry "BRA"]

1. e4 c5 2. Nf3 Nc6 3. Nc3 e6 4. d4 cxd4 5. Nxd4 Qc7 6. Be3 a6 7. Be2 Nf6 8.
O-O Bb4 9. Qd2 Nxe4 10. Qd3 Nxc3 11. bxc3 Ne5 12. Qd1 Bxc3 13. Rb1 O-O 14. Bf4
d6 15. Bd3 Nxd3 16. Qxd3 Bxd4 17. Qg3 e5 18. Bh6 f5 19. c3 Bc5 20. Rfd1 f4 21.
Qg5 Kh8 22. Bxg7+ Qxg7 23. Qxg7+ Kxg7 24. h4 b5 25. Kf1 Be6 26. Ra1 Bc4+ 27.
Ke1 e4 28. g4 f3 29. a4 e3 30. fxe3 Bxe3 31. Rxd6 f2+ 0-1

[Event "VIII Floripa Chess Open 2022 - LIRA - m"]
[Site "Lira Tênis Clube - Florianó"]
[Date "2022.01.24"]
[Round "1.59"]
[White "Da Cunha, Gastao"]
[Black "Kropff, Ricardo"]
[Result "0-1"]
[WhiteElo "1602"]
[BlackElo "2132"]
[PlyCount "46"]
[EventDate "2022.01.24"]
[EventRounds "10"]
[EventCountry "BRA"]

1. e4 Nf6 2. Nc3 d5 3. exd5 Nxd5 4. Bc4 Nb6 5. Bb3 Bf5 6. Qf3 e6 7. Qxb7 c6 8.
d3 Bd6 9. Be3 O-O 10. Na4 Bc7 11. Nc5 e5 12. Na6 Nxa6 13. Qxa6 Qd7 14. O-O-O
Nd5 15. Bc5 Rfb8 16. Ne2 Rb5 17. Ba3 Be6 18. Qa4 a5 19. Qh4 Rb7 20. d4 a4 21.
Bc4 Bd8 22. Qe4 Bf5 23. Qxe5 Bc7 0-1

[Event "VIII Floripa Chess Open 2022 - LIRA - m"]
[Site "Lira Tênis Clube - Florianó"]
[Date "2022.01.24"]
[Round "1.60"]
[White "Ribeiro, Matheus Mendes Domi"]
[Black "Santiago, Mauro"]
[Result "1-0"]
[WhiteElo "2128"]
[BlackElo "1602"]
[PlyCount "75"]
[EventDate "2022.01.24"]
[EventRounds "10"]
[EventCountry "BRA"]

1. c4 Nf6 2. Nc3 e5 3. Nf3 d6 4. g3 Be7 5. Bg2 O-O 6. O-O c5 7. a3 Bf5 8. b4
Nc6 9. d3 cxb4 10. axb4 Nxb4 11. Qb3 d5 12. cxd5 e4 13. Nd4 Bg6 14. dxe4 Qb6
15. Ndb5 Bc5 16. Ba3 a5 17. Rac1 Nd7 18. e3 Rac8 19. Rfd1 Ne5 20. Nd4 Rfd8 21.
Na4 Qd6 22. Nb5 Qd7 23. Rxc5 Rxc5 24. Nxc5 Qxb5 25. Bxb4 axb4 26. Nd3 Nxd3 27.
Qxd3 Qxd3 28. Rxd3 Rc8 29. h4 h5 30. Rd4 b3 31. Rb4 Rc3 32. d6 f6 33. Rxb7 Be8
34. Bh3 Rd3 35. d7 Bxd7 36. Bxd7 Rd6 37. Bf5 Rd3 38. Rxb3 1-0

[Event "VIII Floripa Chess Open 2022 - LIRA - m"]
[Site "Lira Tênis Clube - Florianó"]
[Date "2022.01.24"]
[Round "1.61"]
[White "Santillan, Julian"]
[Black "Moura, Eduardo Eugenio Cha"]
[Result "0-1"]
[WhiteElo "1599"]
[BlackElo "2127"]
[PlyCount "94"]
[EventDate "2022.01.24"]
[EventRounds "10"]
[EventCountry "BRA"]

1. f4 g6 2. Nf3 Bg7 3. g3 Nf6 4. Bg2 O-O 5. O-O c5 6. d3 d5 7. Qe1 Nc6 8. Kh1
b6 9. e4 dxe4 10. dxe4 e5 11. fxe5 Ng4 12. Bg5 Qe8 13. Nc3 h6 14. Bf6 Ba6 15.
Rg1 Ncxe5 16. Nxe5 Nxf6 17. Nd3 Ng4 18. h3 Ne5 19. Nxe5 Qxe5 20. Qe3 Rad8 21.
Rad1 Rd4 22. Qf4 Rfd8 23. Rxd4 Rxd4 24. Rd1 Qxf4 25. gxf4 Rxd1+ 26. Nxd1 Be2
27. Nc3 Bxc3 28. bxc3 Bd1 29. e5 Bxc2 30. Bc6 g5 31. Kg2 Kg7 32. Kg3 Kg6 33.
fxg5 Kxg5 34. Bd7 Bf5 35. h4+ Kg6 36. Bc6 Bb1 37. a3 Kf5 38. Bd5 Kxe5 39. Bxf7
Bd3 40. Kf3 b5 41. Bb3 a5 42. Bd1 Bc4 43. Kg4 Bf7 44. Kf3 b4 45. cxb4 cxb4 46.
axb4 axb4 47. Be2 Kf6 0-1

[Event "VIII Floripa Chess Open 2022 - LIRA - m"]
[Site "Lira Tênis Clube - Florianó"]
[Date "2022.01.24"]
[Round "1.62"]
[White "Ferreira, Vitor Hugo Vieira"]
[Black "Neitzel, Jonatan"]
[Result "1-0"]
[WhiteElo "2123"]
[BlackElo "1592"]
[PlyCount "71"]
[EventDate "2022.01.24"]
[EventRounds "10"]
[EventCountry "BRA"]

1. e4 e5 2. Nf3 Nc6 3. Bb5 Nge7 4. O-O g6 5. c3 Bg7 6. d4 exd4 7. cxd4 d5 8.
exd5 Nxd5 9. Re1+ Be6 10. Ng5 O-O 11. Nxe6 fxe6 12. Bxc6 bxc6 13. Nc3 Qf6 14.
Qe2 Rae8 15. Be3 h5 16. Rad1 Kh7 17. Ne4 Qf5 18. Ng5+ Kh8 19. Nf3 Nf4 20. Bxf4
Qxf4 21. Qe4 Qxe4 22. Rxe4 Rf5 23. b3 Rd5 24. Rde1 Rd6 25. h4 Bf6 26. Rc1 Kg7
27. Rc5 Rb8 28. Ra5 Rb7 29. g4 hxg4 30. Rxg4 Rd5 31. Ra6 Kf7 32. Rxc6 Ra5 33.
Rf4 Ke7 34. Re4 e5 35. dxe5 Bh8 36. Re2 1-0

[Event "VIII Floripa Chess Open 2022 - LIRA - m"]
[Site "Lira Tênis Clube - Florianó"]
[Date "2022.01.24"]
[Round "1.63"]
[White "Mayara Sibowicz, Giovanna"]
[Black "Guerrero, Alvaro"]
[Result "0-1"]
[WhiteElo "1589"]
[BlackElo "2123"]
[PlyCount "114"]
[EventDate "2022.01.24"]
[EventRounds "10"]
[EventCountry "BRA"]

1. e4 c6 2. d4 d5 3. exd5 cxd5 4. Be2 Nf6 5. Nf3 g6 6. c3 Bg7 7. Bb5+ Nbd7 8.
Ne5 O-O 9. Nxd7 Bxd7 10. Bd3 b5 11. Na3 Qb6 12. Nc2 a5 13. a3 Rfe8 14. O-O Ne4
15. f3 Nd6 16. Kh1 Bf5 17. Bf4 Bxd3 18. Qxd3 e6 19. Bxd6 Qxd6 20. f4 Rab8 21.
g3 Qc6 22. Rac1 Rec8 23. Qd2 Qb6 24. Rfe1 Rc7 25. Kg2 Bf8 26. b4 Ra8 27. Ne3
Rb7 28. Rc2 axb4 29. axb4 Ra3 30. Rec1 Qc6 31. Ng4 Bg7 32. Ne5 Bxe5 33. fxe5
Qc4 34. Kf2 Ra8 35. Qe2 Qc6 36. Qd2 Qe8 37. Qe2 Kg7 38. Kg2 h6 39. Rf1 Qc6 40.
Qf3 Qe8 41. Qf2 Kh7 42. Qe2 Qc6 43. Rf3 Ra1 44. Rf1 Ra3 45. Rf3 Kg7 46. Qd3 Rb3
47. Rf1 Qe8 48. Qe2 Kg8 49. Rf3 Qc6 50. Qd2 Kh7 51. Rf1 Rc7 52. Rf3 Qc4 53. Qf2
Kg7 54. Qf1 Qxf1+ 55. Kxf1 Rxb4 56. Rd3 Rb3 57. Ke2 b4 0-1

[Event "VIII Floripa Chess Open 2022 - LIRA - m"]
[Site "Lira Tênis Clube - Florianó"]
[Date "2022.01.24"]
[Round "1.64"]
[White "Almeida Junior, Alvaro Alves De"]
[Black "Moretto, Heitor Frainer"]
[Result "1-0"]
[WhiteElo "2120"]
[BlackElo "1587"]
[PlyCount "65"]
[EventDate "2022.01.24"]
[EventRounds "10"]
[EventCountry "BRA"]

1. e4 e6 2. d4 d5 3. Nd2 Nf6 4. e5 Nfd7 5. Bd3 c5 6. c3 Nc6 7. Ne2 cxd4 8. cxd4
f6 9. exf6 Nxf6 10. Nf3 Bd6 11. O-O Qc7 12. g3 O-O 13. Bf4 e5 14. dxe5 Nxe5 15.
Nxe5 Bxe5 16. Rc1 Qd6 17. Qd2 Bg4 18. Rfe1 Rfe8 19. Bxe5 Rxe5 20. Nf4 Rae8 21.
Rxe5 Qxe5 22. Ng2 Bf3 23. Re1 Ne4 24. Bxe4 dxe4 25. Qd7 Re7 26. Qc8+ Kf7 27. b3
Rc7 28. Qd8 Rc2 29. Ne3 Rxa2 30. Qd7+ Qe7 31. Qd5+ Kf8 32. Rc1 g6 33. Qd4 1-0